[Event "April 9 Late 2024"]
[Site "Chess.com"]
[Date "2024.04.09"]
[Round "9"]
[White "Ticona Rocabado, Licael Roderick"]
[Black "Brodsky, David"]
[Result "1/2-1/2"]
[Board "27"]
[WhiteFideId "3319113"]
[BlackFideId "2073250"]
[WhiteTitle "IM"]
[BlackTitle "GM"]
[WhiteElo "2642"]
[BlackElo "2790"]
[WhiteTeam "BOL"]
[BlackTeam "USA"]
[WhiteClock "0:00:04"]
[BlackClock "0:00:07"]
[Variant "Standard"]

1. e4 {[%clk 0:03:00]}  c5 {[%clk 0:03:00]} 2. Nf3 {[%clk 0:03:00]}  e6 {[%clk 0:03:00]} 3. g3 {[%clk 0:02:53]}  d5 {[%clk 0:02:49]} 4. exd5 {[%clk 0:02:51]}  exd5 {[%clk 0:02:50]} 5. Bg2 {[%clk 0:02:51]}  Nf6 {[%clk 0:02:50]} 6. O-O {[%clk 0:02:51]}  Be7 {[%clk 0:02:51]} 7. d4 {[%clk 0:02:49]}  O-O {[%clk 0:02:51]} 8. c3 {[%clk 0:02:49]}  h6 {[%clk 0:02:48]} 9. Re1 {[%clk 0:02:46]}  Nc6 {[%clk 0:02:48]} 10. Bf4 {[%clk 0:02:45]}  Bg4 {[%clk 0:02:38]} 11. dxc5 {[%clk 0:02:32]}  Bxc5 {[%clk 0:02:32]} 12. Be3 {[%clk 0:02:33]}  Bxe3 {[%clk 0:02:27]} 13. Rxe3 {[%clk 0:02:34]}  Qb6 {[%clk 0:02:21]} 14. Qb3 {[%clk 0:02:32]}  Qc5 {[%clk 0:01:54]} 15. Nbd2 {[%clk 0:02:29]}  Rfe8 {[%clk 0:01:53]} 16. Rae1 {[%clk 0:02:28]}  Rxe3 {[%clk 0:01:48]} 17. Rxe3 {[%clk 0:02:29]}  d4 {[%clk 0:01:46]} 18. cxd4 {[%clk 0:02:27]}  Nxd4 {[%clk 0:01:37]} 19. Nxd4 {[%clk 0:02:05]}  Qxd4 {[%clk 0:01:37]} 20. Qxb7 {[%clk 0:02:04]}  Rd8 {[%clk 0:01:32]} 21. Nf1 {[%clk 0:02:04]}  Be6 {[%clk 0:01:24]} 22. b3 {[%clk 0:01:59]}  Rd7 {[%clk 0:01:11]} 23. Qb8+ {[%clk 0:01:54]}  Kh7 {[%clk 0:01:12]} 24. Qe5 {[%clk 0:01:55]}  Qd1 {[%clk 0:01:03]} 25. h3 {[%clk 0:01:51]}  Qb1 {[%clk 0:00:47]} 26. g4 {[%clk 0:00:59]}  Qxa2 {[%clk 0:00:40]} 27. Bf3 {[%clk 0:00:50]}  Qc2 {[%clk 0:00:35]} 28. Ng3 {[%clk 0:00:45]}  Bd5 {[%clk 0:00:24]} 29. Bxd5 {[%clk 0:00:28]}  Rxd5 {[%clk 0:00:23]} 30. Qf4 {[%clk 0:00:28]}  Rd1+ {[%clk 0:00:21]} 31. Kg2 {[%clk 0:00:28]}  Qc6+ {[%clk 0:00:21]} 32. Qf3 {[%clk 0:00:26]}  Nd5 {[%clk 0:00:17]} 33. Re4 {[%clk 0:00:18]}  Nc3 {[%clk 0:00:15]} 34. Rc4 {[%clk 0:00:17]}  Qxf3+ {[%clk 0:00:14]} 35. Kxf3 {[%clk 0:00:17]}  Rd3+ {[%clk 0:00:15]} 36. Kg2 {[%clk 0:00:17]}  Nd1 {[%clk 0:00:11]} 37. Ne4 {[%clk 0:00:15]}  Rxb3 {[%clk 0:00:09]} 38. Rc7 {[%clk 0:00:15]}  Kg6 {[%clk 0:00:08]} 39. Rxa7 {[%clk 0:00:15]}  Rb2 {[%clk 0:00:07]} 40. Kg3 {[%clk 0:00:15]}  Rb3+ {[%clk 0:00:07]} 41. f3 {[%clk 0:00:15]}  Ne3 {[%clk 0:00:06]} 42. Nd6 {[%clk 0:00:14]}  f5 {[%clk 0:00:04]} 43. Ra6 {[%clk 0:00:13]}  Kh7 {[%clk 0:00:03]} 44. Nxf5 {[%clk 0:00:12]}  Nxf5+ {[%clk 0:00:04]} 45. gxf5 {[%clk 0:00:13]}  Rb7 {[%clk 0:00:04]} 46. f6 {[%clk 0:00:13]}  gxf6 {[%clk 0:00:03]} 47. Rxf6 {[%clk 0:00:14]}  Kg7 {[%clk 0:00:03]} 48. Ra6 {[%clk 0:00:14]}  Rb1 {[%clk 0:00:03]} 49. Kg4 {[%clk 0:00:14]}  Rb5 {[%clk 0:00:03]} 50. f4 {[%clk 0:00:13]}  Rc5 {[%clk 0:00:04]} 51. Ra7+ {[%clk 0:00:13]}  Kg6 {[%clk 0:00:04]} 52. Ra6+ {[%clk 0:00:14]}  Kg7 {[%clk 0:00:04]} 53. Rd6 {[%clk 0:00:13]}  Rb5 {[%clk 0:00:04]} 54. Re6 {[%clk 0:00:13]}  Rc5 {[%clk 0:00:04]} 55. Re5 {[%clk 0:00:13]}  Rc1 {[%clk 0:00:04]} 56. Kf5 {[%clk 0:00:13]}  Rc7 {[%clk 0:00:05]} 57. h4 {[%clk 0:00:13]}  Rf7+ {[%clk 0:00:04]} 58. Kg4 {[%clk 0:00:13]}  Ra7 {[%clk 0:00:04]} 59. h5 {[%clk 0:00:12]}  Kf6 {[%clk 0:00:04]} 60. Rb5 {[%clk 0:00:11]}  Ra6 {[%clk 0:00:04]} 61. Rf5+ {[%clk 0:00:11]}  Kg7 {[%clk 0:00:03]} 62. Rd5 {[%clk 0:00:11]}  Kf6 {[%clk 0:00:03]} 63. Rd8 {[%clk 0:00:11]}  Rb6 {[%clk 0:00:03]} 64. Rg8 {[%clk 0:00:11]}  Kf7 {[%clk 0:00:03]} 65. Rc8 {[%clk 0:00:11]}  Kf6 {[%clk 0:00:03]} 66. Rc7 {[%clk 0:00:10]}  Ra6 {[%clk 0:00:03]} 67. Rh7 {[%clk 0:00:11]}  Ra1 {[%clk 0:00:02]} 68. Rxh6+ {[%clk 0:00:11]}  Kg7 {[%clk 0:00:03]} 69. Rb6 {[%clk 0:00:12]}  Rc1 {[%clk 0:00:02]} 70. Rb7+ {[%clk 0:00:11]}  Kf6 {[%clk 0:00:02]} 71. Rb6+ {[%clk 0:00:11]}  Kg7 {[%clk 0:00:02]} 72. Kg5 {[%clk 0:00:12]}  Rg1+ {[%clk 0:00:02]} 73. Kf5 {[%clk 0:00:12]}  Rc1 {[%clk 0:00:02]} 74. Rg6+ {[%clk 0:00:09]}  Kf7 {[%clk 0:00:02]} 75. Rd6 {[%clk 0:00:08]}  Rc5+ {[%clk 0:00:02]} 76. Kg4 {[%clk 0:00:09]}  Kg7 {[%clk 0:00:02]} 77. f5 {[%clk 0:00:08]}  Rc1 {[%clk 0:00:03]} 78. Rg6+ {[%clk 0:00:08]}  Kf7 {[%clk 0:00:03]} 79. Kg5 {[%clk 0:00:07]}  Rg1+ {[%clk 0:00:03]} 80. Kh6 {[%clk 0:00:07]}  Rf1 {[%clk 0:00:04]} 81. Kg5 {[%clk 0:00:02]}  Rg1+ {[%clk 0:00:04]} 82. Kf4 {[%clk 0:00:03]}  Rf1+ {[%clk 0:00:05]} 83. Ke4 {[%clk 0:00:03]}  Re1+ {[%clk 0:00:06]} 84. Kd4 {[%clk 0:00:04]}  Rd1+ {[%clk 0:00:06]} 85. Ke5 {[%clk 0:00:02]}  Re1+ {[%clk 0:00:06]} 86. Kf4 {[%clk 0:00:03]}  Rf1+ {[%clk 0:00:06]} 87. Kg5 {[%clk 0:00:04]}  Rg1+ {[%clk 0:00:07]} 1/2-1/2

[Event "April 9 Late 2024"]
[Site "Chess.com"]
[Date "2024.04.10"]
[Round "9"]
[White "Reyes Zavaleta, Fabian Ricardo"]
[Black "Svane, Rasmus"]
[Result "1-0"]
[Board "30"]
[WhiteFideId "3844153"]
[BlackFideId "4657101"]
[WhiteTitle "FM"]
[BlackTitle "GM"]
[WhiteElo "2657"]
[BlackElo "2879"]
[WhiteTeam "PER"]
[BlackTeam "GER"]
[WhiteClock "0:00:05"]
[BlackClock "0:00:00"]
[Variant "Standard"]

1. d4 {[%clk 0:03:00]}  Nf6 {[%clk 0:02:57]} 2. c4 {[%clk 0:03:00]}  g6 {[%clk 0:02:49]} 3. Nc3 {[%clk 0:03:00]}  d5 {[%clk 0:02:46]} 4. Nf3 {[%clk 0:02:59]}  Bg7 {[%clk 0:02:45]} 5. Qb3 {[%clk 0:02:59]}  dxc4 {[%clk 0:02:42]} 6. Qxc4 {[%clk 0:03:00]}  O-O {[%clk 0:02:40]} 7. e4 {[%clk 0:03:00]}  a6 {[%clk 0:02:38]} 8. e5 {[%clk 0:02:59]}  b5 {[%clk 0:02:36]} 9. Qb3 {[%clk 0:02:58]}  Nfd7 {[%clk 0:02:36]} 10. e6 {[%clk 0:02:59]}  fxe6 {[%clk 0:02:36]} 11. Qxe6+ {[%clk 0:02:59]}  Kh8 {[%clk 0:02:35]} 12. Qe4 {[%clk 0:02:58]}  Nb6 {[%clk 0:02:26]} 13. Be3 {[%clk 0:02:55]}  b4 {[%clk 0:01:48]} 14. Nd1 {[%clk 0:02:23]}  Nd5 {[%clk 0:01:20]} 15. Be2 {[%clk 0:02:17]}  Nc6 {[%clk 0:01:15]} 16. O-O {[%clk 0:02:14]}  Bf5 {[%clk 0:01:14]} 17. Qh4 {[%clk 0:02:14]}  e5 {[%clk 0:01:14]} 18. Bg5 {[%clk 0:01:45]}  Qd6 {[%clk 0:01:13]} 19. dxe5 {[%clk 0:01:43]}  Nxe5 {[%clk 0:01:13]} 20. Ne3 {[%clk 0:01:42]}  Bd3 {[%clk 0:00:50]} 21. Rfe1 {[%clk 0:00:53]}  Bxe2 {[%clk 0:00:45]} 22. Nxe5 {[%clk 0:00:53]}  Qxe5 {[%clk 0:00:22]} 23. Rxe2 {[%clk 0:00:38]}  c5 {[%clk 0:00:20]} 24. Bh6 {[%clk 0:00:33]}  Nf4 {[%clk 0:00:17]} 25. Bxf4 {[%clk 0:00:26]}  Qxf4 {[%clk 0:00:18]} 26. Qe7 {[%clk 0:00:15]}  Bd4 {[%clk 0:00:15]} 27. Qb7 {[%clk 0:00:08]}  Rae8 {[%clk 0:00:10]} 28. Rae1 {[%clk 0:00:07]}  Bxe3 {[%clk 0:00:08]} 29. fxe3 {[%clk 0:00:08]}  Rxe3 {[%clk 0:00:09]} 30. Qxa6 {[%clk 0:00:06]}  Rxe2 {[%clk 0:00:03]} 31. Qxe2 {[%clk 0:00:07]}  Qd4+ {[%clk 0:00:03]} 32. Qe3 {[%clk 0:00:06]}  Qxb2 {[%clk 0:00:03]} 33. Qxc5 {[%clk 0:00:05]}  Rf7 {[%clk 0:00:02]} 34. Qe5+ {[%clk 0:00:04]}  Qxe5 {[%clk 0:00:02]} 35. Rxe5 {[%clk 0:00:05]}  Ra7 {[%clk 0:00:02]} 36. Rb5 {[%clk 0:00:04]}  Ra4 {[%clk 0:00:03]} 37. h3 {[%clk 0:00:04]}  Kg7 {[%clk 0:00:03]} 38. Rb6 {[%clk 0:00:05]}  Kf7 {[%clk 0:00:03]} 39. Kh2 {[%clk 0:00:05]}  Ke7 {[%clk 0:00:04]} 40. Rb7+ {[%clk 0:00:05]}  Kf6 {[%clk 0:00:04]} 41. Rxh7 {[%clk 0:00:04]}  Rxa2 {[%clk 0:00:05]} 42. Rb7 {[%clk 0:00:05]}  Rb2 {[%clk 0:00:05]} 43. h4 {[%clk 0:00:05]}  Kf5 {[%clk 0:00:05]} 44. Kh3 {[%clk 0:00:05]}  Rb3+ {[%clk 0:00:04]} 45. g3 {[%clk 0:00:05]}  Rb1 {[%clk 0:00:00]} 46. Rb5+ {[%clk 0:00:05]} 1-0

[Event "April 9 Late 2024"]
[Site "Chess.com"]
[Date "2024.04.09"]
[Round "9"]
[White "Rozman, Levy"]
[Black "Ramil Faizrakhmanov"]
[Result "0-1"]
[Board "31"]
[WhiteFideId "2039877"]
[BlackFideId "24103209"]
[WhiteTitle "IM"]
[BlackTitle "IM"]
[WhiteElo "2656"]
[BlackElo "2873"]
[WhiteTeam "USA"]
[BlackTeam "RUS"]
[WhiteClock "0:00:03"]
[BlackClock "0:00:43"]
[Variant "Standard"]

1. e4 {[%clk 0:02:55]}  c5 {[%clk 0:02:59]} 2. Nc3 {[%clk 0:02:54]}  d6 {[%clk 0:02:59]} 3. d4 {[%clk 0:02:47]}  cxd4 {[%clk 0:03:00]} 4. Qxd4 {[%clk 0:02:38]}  Nc6 {[%clk 0:03:00]} 5. Qd2 {[%clk 0:02:37]}  g6 {[%clk 0:03:00]} 6. b3 {[%clk 0:02:37]}  Bh6 {[%clk 0:03:00]} 7. f4 {[%clk 0:02:38]}  Nf6 {[%clk 0:02:56]} 8. Bb2 {[%clk 0:02:37]}  O-O {[%clk 0:02:55]} 9. O-O-O {[%clk 0:02:37]}  e5 {[%clk 0:02:55]} 10. g3 {[%clk 0:02:37]}  Bg4 {[%clk 0:02:49]} 11. Nge2 {[%clk 0:02:35]}  Re8 {[%clk 0:02:39]} 12. Bg2 {[%clk 0:02:32]}  Nd4 {[%clk 0:02:33]} 13. Nxd4 {[%clk 0:02:14]}  exd4 {[%clk 0:02:28]} 14. Qxd4 {[%clk 0:02:12]}  Bg7 {[%clk 0:02:27]} 15. Nd5 {[%clk 0:02:07]}  Bxd1 {[%clk 0:02:09]} 16. Nxf6+ {[%clk 0:01:54]}  Bxf6 {[%clk 0:02:07]} 17. Qxf6 {[%clk 0:01:50]}  Qxf6 {[%clk 0:02:07]} 18. Bxf6 {[%clk 0:01:51]}  Bg4 {[%clk 0:02:05]} 19. Kd2 {[%clk 0:01:30]}  Bd7 {[%clk 0:02:00]} 20. Kd3 {[%clk 0:01:28]}  Bc6 {[%clk 0:01:59]} 21. Re1 {[%clk 0:01:20]}  Re6 {[%clk 0:01:59]} 22. Bd4 {[%clk 0:00:58]}  f5 {[%clk 0:01:55]} 23. Bh1 {[%clk 0:00:49]}  fxe4+ {[%clk 0:01:28]} 24. Ke3 {[%clk 0:00:49]}  d5 {[%clk 0:01:23]} 25. Bg2 {[%clk 0:00:48]}  b6 {[%clk 0:01:20]} 26. c3 {[%clk 0:00:48]}  Bb7 {[%clk 0:01:20]} 27. Bh3 {[%clk 0:00:48]}  Re7 {[%clk 0:01:18]} 28. Bg4 {[%clk 0:00:42]}  Bc8 {[%clk 0:01:16]} 29. Be2 {[%clk 0:00:41]}  Bb7 {[%clk 0:01:06]} 30. h4 {[%clk 0:00:40]}  Rc8 {[%clk 0:01:04]} 31. h5 {[%clk 0:00:39]}  Rec7 {[%clk 0:01:02]} 32. Kd2 {[%clk 0:00:35]}  Bc6 {[%clk 0:00:54]} 33. Bg4 {[%clk 0:00:29]}  Bd7 {[%clk 0:00:53]} 34. Be2 {[%clk 0:00:30]}  Be6 {[%clk 0:00:50]} 35. hxg6 {[%clk 0:00:27]}  hxg6 {[%clk 0:00:50]} 36. Rh1 {[%clk 0:00:27]}  Rh7 {[%clk 0:00:50]} 37. Re1 {[%clk 0:00:25]}  Rh2 {[%clk 0:00:49]} 38. Ke3 {[%clk 0:00:21]}  Rg2 {[%clk 0:00:49]} 39. Rh1 {[%clk 0:00:16]}  Rxg3+ {[%clk 0:00:48]} 40. Kf2 {[%clk 0:00:16]}  Rh3 {[%clk 0:00:48]} 41. Rg1 {[%clk 0:00:15]}  Kf7 {[%clk 0:00:46]} 42. Ba6 {[%clk 0:00:03]}  Rcxc3 {[%clk 0:00:43]} 0-1

[Event "April 9 Late 2024"]
[Site "Chess.com"]
[Date "2024.04.09"]
[Round "9"]
[White "Ruperez Benito, Antonio"]
[Black "Goltsev, Dmitry"]
[Result "0-1"]
[Board "37"]
[WhiteFideId "22245049"]
[BlackFideId "24176710"]
[WhiteTitle "FM"]
[BlackTitle "FM"]
[WhiteElo "2587"]
[BlackElo "2756"]
[WhiteTeam "ESP"]
[BlackTeam "RUS"]
[WhiteClock "0:00:00"]
[BlackClock "0:00:48"]
[Variant "Standard"]

1. e4 {[%clk 0:03:00]}  e6 {[%clk 0:02:58]} 2. b3 {[%clk 0:03:00]}  d5 {[%clk 0:02:59]} 3. Bb2 {[%clk 0:03:00]}  Nc6 {[%clk 0:02:58]} 4. e5 {[%clk 0:02:59]}  Nge7 {[%clk 0:02:58]} 5. d4 {[%clk 0:02:58]}  Nf5 {[%clk 0:02:54]} 6. c3 {[%clk 0:02:56]}  h5 {[%clk 0:02:51]} 7. Bd3 {[%clk 0:02:56]}  Be7 {[%clk 0:02:48]} 8. Ne2 {[%clk 0:02:50]}  Nh4 {[%clk 0:02:46]} 9. O-O {[%clk 0:02:46]}  g5 {[%clk 0:02:42]} 10. f4 {[%clk 0:02:43]}  g4 {[%clk 0:02:26]} 11. c4 {[%clk 0:02:30]}  Nb4 {[%clk 0:02:19]} 12. Nbc3 {[%clk 0:02:27]}  Nxd3 {[%clk 0:02:14]} 13. Qxd3 {[%clk 0:02:28]}  c6 {[%clk 0:02:14]} 14. Ng3 {[%clk 0:02:23]}  a6 {[%clk 0:01:54]} 15. Rac1 {[%clk 0:01:41]}  b5 {[%clk 0:01:46]} 16. cxd5 {[%clk 0:01:34]}  cxd5 {[%clk 0:01:45]} 17. a4 {[%clk 0:01:23]}  b4 {[%clk 0:01:37]} 18. Nd1 {[%clk 0:01:18]}  a5 {[%clk 0:01:35]} 19. Rf2 {[%clk 0:00:46]}  Ba6 {[%clk 0:01:33]} 20. Qb1 {[%clk 0:00:42]}  Kd7 {[%clk 0:01:22]} 21. Ne3 {[%clk 0:00:35]}  Qb6 {[%clk 0:01:16]} 22. Rfc2 {[%clk 0:00:27]}  Ra7 {[%clk 0:01:06]} 23. Rd2 {[%clk 0:00:21]}  Ng6 {[%clk 0:00:59]} 24. f5 {[%clk 0:00:20]}  Nf4 {[%clk 0:00:59]} 25. f6 {[%clk 0:00:19]}  Bf8 {[%clk 0:00:58]} 26. Rf2 {[%clk 0:00:17]}  Nd3 {[%clk 0:00:54]} 27. Rfc2 {[%clk 0:00:08]}  Bh6 {[%clk 0:00:50]} 28. Re1 {[%clk 0:00:07]}  Nxe1 {[%clk 0:00:48]} 29. Qxe1 {[%clk 0:00:08]}  Rc7 {[%clk 0:00:48]} 30. Rxc7+ {[%clk 0:00:06]}  Qxc7 {[%clk 0:00:49]} 31. Kh1 {[%clk 0:00:00]}  h4 {[%clk 0:00:48]} 0-1

[Event "April 9 Late 2024"]
[Site "Chess.com"]
[Date "2024.04.09"]
[Round "9"]
[White "Play, Gilles"]
[Black "Do Valle Cardoso, Lucas"]
[Result "1-0"]
[Board "38"]
[WhiteFideId "45130892"]
[BlackFideId "2163144"]
[BlackTitle "FM"]
[WhiteElo "2564"]
[BlackElo "2742"]
[WhiteTeam "FRA"]
[BlackTeam "BRA"]
[WhiteClock "0:00:13"]
[BlackClock "0:00:20"]
[Variant "Standard"]

1. e4 {[%clk 0:03:00]}  e5 {[%clk 0:02:46]} 2. Nf3 {[%clk 0:02:58]}  Nc6 {[%clk 0:02:47]} 3. c3 {[%clk 0:02:55]}  d5 {[%clk 0:02:46]} 4. Qa4 {[%clk 0:02:55]}  f6 {[%clk 0:02:45]} 5. d3 {[%clk 0:02:55]}  Ne7 {[%clk 0:02:39]} 6. Be3 {[%clk 0:02:54]}  Be6 {[%clk 0:02:37]} 7. Nbd2 {[%clk 0:02:54]}  Qd7 {[%clk 0:02:38]} 8. Be2 {[%clk 0:02:50]}  g5 {[%clk 0:02:33]} 9. h3 {[%clk 0:02:41]}  h5 {[%clk 0:02:27]} 10. d4 {[%clk 0:02:39]}  exd4 {[%clk 0:02:21]} 11. Nxd4 {[%clk 0:02:25]}  Nxd4 {[%clk 0:02:14]} 12. Qxd7+ {[%clk 0:01:46]}  Bxd7 {[%clk 0:02:15]} 13. Bxd4 {[%clk 0:01:46]}  Bg7 {[%clk 0:02:12]} 14. exd5 {[%clk 0:01:31]}  Nxd5 {[%clk 0:02:13]} 15. Bf3 {[%clk 0:01:26]}  Bc6 {[%clk 0:02:08]} 16. O-O-O {[%clk 0:01:20]}  O-O-O {[%clk 0:02:05]} 17. Ne4 {[%clk 0:01:20]}  Rdf8 {[%clk 0:01:17]} 18. Ng3 {[%clk 0:01:07]}  Nf4 {[%clk 0:00:39]} 19. Bxc6 {[%clk 0:00:35]}  bxc6 {[%clk 0:00:40]} 20. Nf5 {[%clk 0:00:35]}  Bh6 {[%clk 0:00:35]} 21. Bc5 {[%clk 0:00:30]}  Rf7 {[%clk 0:00:25]} 22. g3 {[%clk 0:00:23]}  Ne6 {[%clk 0:00:20]} 23. Bxa7 {[%clk 0:00:21]}  Bf8 {[%clk 0:00:19]} 24. Rhe1 {[%clk 0:00:20]}  Bc5 {[%clk 0:00:19]} 25. Rxe6 {[%clk 0:00:16]}  Bxa7 {[%clk 0:00:19]} 26. Rxc6 {[%clk 0:00:17]}  Bxf2 {[%clk 0:00:20]} 27. Nd6+ {[%clk 0:00:16]}  Kd7 {[%clk 0:00:21]} 28. Nxf7+ {[%clk 0:00:17]}  Kxc6 {[%clk 0:00:21]} 29. Nxh8 {[%clk 0:00:17]}  Bxg3 {[%clk 0:00:21]} 30. Ng6 {[%clk 0:00:17]}  Bd6 {[%clk 0:00:19]} 31. Rf1 {[%clk 0:00:16]}  g4 {[%clk 0:00:18]} 32. hxg4 {[%clk 0:00:15]}  hxg4 {[%clk 0:00:19]} 33. Rxf6 {[%clk 0:00:15]}  g3 {[%clk 0:00:20]} 34. Nh4 {[%clk 0:00:14]}  Kd5 {[%clk 0:00:19]} 35. Rg6 {[%clk 0:00:14]}  Ke4 {[%clk 0:00:19]} 36. Kd2 {[%clk 0:00:13]}  Bf4+ {[%clk 0:00:20]} 37. Ke2 {[%clk 0:00:13]} 1-0

[Event "April 9 Late 2024"]
[Site "Chess.com"]
[Date "2024.04.09"]
[Round "9"]
[White "Ezat, Mohamed"]
[Black "Olsen, Filip Boe"]
[Result "1-0"]
[Board "39"]
[WhiteFideId "10600906"]
[BlackFideId "1440640"]
[WhiteTitle "IM"]
[BlackTitle "IM"]
[WhiteElo "2541"]
[BlackElo "2692"]
[WhiteTeam "EGY"]
[BlackTeam "DEN"]
[WhiteClock "0:00:27"]
[BlackClock "0:00:00"]
[Variant "Standard"]

1. d4 {[%clk 0:03:00]}  Nf6 {[%clk 0:02:58]} 2. c4 {[%clk 0:03:00]}  e6 {[%clk 0:02:58]} 3. Nc3 {[%clk 0:03:00]}  Bb4 {[%clk 0:02:58]} 4. e3 {[%clk 0:03:01]}  O-O {[%clk 0:02:58]} 5. a3 {[%clk 0:03:00]}  Bxc3+ {[%clk 0:02:50]} 6. bxc3 {[%clk 0:03:01]}  c5 {[%clk 0:02:50]} 7. Bd3 {[%clk 0:03:00]}  Nc6 {[%clk 0:02:49]} 8. Ne2 {[%clk 0:02:59]}  b6 {[%clk 0:02:48]} 9. O-O {[%clk 0:02:59]}  d6 {[%clk 0:02:46]} 10. e4 {[%clk 0:02:54]}  e5 {[%clk 0:02:36]} 11. Bg5 {[%clk 0:02:52]}  h6 {[%clk 0:02:30]} 12. Bh4 {[%clk 0:02:39]}  exd4 {[%clk 0:02:13]} 13. cxd4 {[%clk 0:02:37]}  cxd4 {[%clk 0:02:14]} 14. f4 {[%clk 0:02:37]}  Re8 {[%clk 0:02:12]} 15. Ng3 {[%clk 0:02:35]}  g5 {[%clk 0:01:48]} 16. fxg5 {[%clk 0:02:35]}  Ng4 {[%clk 0:01:44]} 17. g6 {[%clk 0:02:35]}  Qxh4 {[%clk 0:01:44]} 18. gxf7+ {[%clk 0:02:35]}  Kg7 {[%clk 0:01:23]} 19. h3 {[%clk 0:02:13]}  Qxg3 {[%clk 0:01:16]} 20. hxg4 {[%clk 0:02:12]}  Rf8 {[%clk 0:01:03]} 21. Rf3 {[%clk 0:01:59]}  Qh4 {[%clk 0:00:55]} 22. Rh3 {[%clk 0:01:53]}  Qg5 {[%clk 0:00:53]} 23. Rh5 {[%clk 0:01:36]}  Qe3+ {[%clk 0:00:53]} 24. Kh1 {[%clk 0:01:34]}  Ne5 {[%clk 0:00:53]} 25. Be2 {[%clk 0:01:30]}  d3 {[%clk 0:00:48]} 26. Bf3 {[%clk 0:01:28]}  Rxf7 {[%clk 0:00:44]} 27. Rh3 {[%clk 0:01:18]}  Qg5 {[%clk 0:00:27]} 28. Qe1 {[%clk 0:01:06]}  Be6 {[%clk 0:00:26]} 29. Qc3 {[%clk 0:00:58]}  Raf8 {[%clk 0:00:26]} 30. a4 {[%clk 0:00:52]}  Kg8 {[%clk 0:00:27]} 31. Rf1 {[%clk 0:00:48]}  Nxf3 {[%clk 0:00:20]} 32. gxf3 {[%clk 0:00:47]}  d2 {[%clk 0:00:18]} 33. Rd1 {[%clk 0:00:34]}  Rxf3 {[%clk 0:00:12]} 34. Rxf3 {[%clk 0:00:32]}  Qh4+ {[%clk 0:00:12]} 35. Rh3 {[%clk 0:00:29]}  Qxg4 {[%clk 0:00:00]} 36. Rg3 {[%clk 0:00:27]} 1-0

[Event "April 9 Late 2024"]
[Site "Chess.com"]
[Date "2024.04.09"]
[Round "9"]
[White "Gubajdullin, Alexei"]
[Black "Ghimoyan, Narek"]
[Result "0-1"]
[Board "42"]
[WhiteFideId "4141202"]
[BlackFideId "13315412"]
[WhiteTitle "FM"]
[BlackTitle "CM"]
[WhiteElo "2665"]
[BlackElo "2529"]
[WhiteTeam "RUS"]
[BlackTeam "ARM"]
[WhiteClock "0:00:00"]
[BlackClock "0:01:08"]
[Variant "Standard"]

1. Nf3 {[%clk 0:03:00]}  Nf6 {[%clk 0:02:59]} 2. g3 {[%clk 0:02:59]}  d5 {[%clk 0:02:59]} 3. Bg2 {[%clk 0:02:59]}  e6 {[%clk 0:02:59]} 4. O-O {[%clk 0:03:00]}  Be7 {[%clk 0:03:00]} 5. b3 {[%clk 0:03:00]}  O-O {[%clk 0:03:00]} 6. Bb2 {[%clk 0:03:01]}  b6 {[%clk 0:03:00]} 7. c4 {[%clk 0:03:01]}  Bb7 {[%clk 0:03:00]} 8. e3 {[%clk 0:03:01]}  Nbd7 {[%clk 0:03:00]} 9. Nc3 {[%clk 0:03:02]}  a6 {[%clk 0:02:59]} 10. Qe2 {[%clk 0:03:02]}  c5 {[%clk 0:02:58]} 11. Rad1 {[%clk 0:03:00]}  Qc7 {[%clk 0:02:57]} 12. d3 {[%clk 0:03:00]}  dxc4 {[%clk 0:02:52]} 13. bxc4 {[%clk 0:02:59]}  Rad8 {[%clk 0:02:52]} 14. Ne1 {[%clk 0:02:58]}  Bxg2 {[%clk 0:02:51]} 15. Nxg2 {[%clk 0:02:58]}  Qb7 {[%clk 0:02:50]} 16. f4 {[%clk 0:02:56]}  Nb8 {[%clk 0:02:46]} 17. g4 {[%clk 0:02:55]}  Nc6 {[%clk 0:02:44]} 18. g5 {[%clk 0:02:54]}  Ne8 {[%clk 0:02:44]} 19. Rf3 {[%clk 0:02:53]}  b5 {[%clk 0:02:35]} 20. Rh3 {[%clk 0:02:47]}  g6 {[%clk 0:02:32]} 21. cxb5 {[%clk 0:02:28]}  axb5 {[%clk 0:02:29]} 22. Ne4 {[%clk 0:02:27]}  c4 {[%clk 0:02:17]} 23. Qg4 {[%clk 0:02:25]}  Rxd3 {[%clk 0:02:09]} 24. Rxd3 {[%clk 0:02:24]}  cxd3 {[%clk 0:02:10]} 25. Rxh7 {[%clk 0:02:21]}  e5 {[%clk 0:01:41]} 26. Qh4 {[%clk 0:01:59]}  f6 {[%clk 0:01:32]} 27. gxf6 {[%clk 0:01:46]}  Nxf6 {[%clk 0:01:28]} 28. Ng5 {[%clk 0:01:36]}  Nh5 {[%clk 0:01:20]} 29. Qg4 {[%clk 0:00:14]}  Qc8 {[%clk 0:01:13]} 30. Ne6 {[%clk 0:00:00]}  Kxh7 {[%clk 0:01:08]} 0-1

[Event "April 9 Late 2024"]
[Site "Chess.com"]
[Date "2024.04.09"]
[Round "9"]
[White "Gutierrez Olivares, Daniel"]
[Black "Mendes Aaron Reeve"]
[Result "0-1"]
[Board "43"]
[WhiteFideId "2264005"]
[BlackFideId "25954938"]
[WhiteTitle "FM"]
[BlackTitle "FM"]
[WhiteElo "2522"]
[BlackElo "2660"]
[WhiteTeam "ESP"]
[BlackTeam "CAN"]
[WhiteClock "0:00:09"]
[BlackClock "0:01:39"]
[Variant "Standard"]

1. Nf3 {[%clk 0:03:00]}  d5 {[%clk 0:02:59]} 2. c4 {[%clk 0:02:59]}  dxc4 {[%clk 0:02:56]} 3. e3 {[%clk 0:02:56]}  b5 {[%clk 0:02:56]} 4. a4 {[%clk 0:02:55]}  c6 {[%clk 0:02:52]} 5. axb5 {[%clk 0:02:53]}  cxb5 {[%clk 0:02:51]} 6. Nd4 {[%clk 0:02:54]}  Bd7 {[%clk 0:02:49]} 7. Qf3 {[%clk 0:02:50]}  e5 {[%clk 0:02:44]} 8. Qxa8 {[%clk 0:02:39]}  exd4 {[%clk 0:02:42]} 9. Rxa7 {[%clk 0:02:38]}  Bc6 {[%clk 0:02:39]} 10. Rb7 {[%clk 0:02:24]}  Bd6 {[%clk 0:02:39]} 11. Na3 {[%clk 0:02:04]}  Qc8 {[%clk 0:02:31]} 12. Rxb8 {[%clk 0:01:51]}  Bxb8 {[%clk 0:02:31]} 13. Qa5 {[%clk 0:01:43]}  Qb7 {[%clk 0:02:29]} 14. Nc2 {[%clk 0:01:33]}  d3 {[%clk 0:02:28]} 15. Nd4 {[%clk 0:01:33]}  Ne7 {[%clk 0:02:28]} 16. b3 {[%clk 0:01:19]}  O-O {[%clk 0:02:24]} 17. Ba3 {[%clk 0:01:18]}  Bxg2 {[%clk 0:02:12]} 18. Bxe7 {[%clk 0:01:06]}  Bxf1 {[%clk 0:01:55]} 19. Rxf1 {[%clk 0:00:51]}  Qxe7 {[%clk 0:01:53]} 20. Qxb5 {[%clk 0:00:47]}  Qa3 {[%clk 0:01:51]} 21. f4 {[%clk 0:00:20]}  Qc1+ {[%clk 0:01:46]} 22. Kf2 {[%clk 0:00:20]}  Qxd2+ {[%clk 0:01:46]} 23. Kf3 {[%clk 0:00:20]}  c3 {[%clk 0:01:45]} 24. Rf2 {[%clk 0:00:15]}  Qd1+ {[%clk 0:01:43]} 25. Kg3 {[%clk 0:00:14]}  c2 {[%clk 0:01:43]} 26. Qc4 {[%clk 0:00:09]}  c1=Q {[%clk 0:01:39]} 0-1